[Event "Lira Vendrellenca Vs Mollet"]
[Site "Vendrell"]
[Date "2023.03.11"]
[Round "8.5"]
[White "Plasencia Martinez, Victor"]
[Black "Montilla Carrillo, Esteban"]
[Result "1/2-1/2"]
[TimeControl "90'+30\""]
[BlackTitle "FM"]
[WhiteFideId "2280779"]
[BlackFideId "2208261"]
[WhiteElo "2171"]
[BlackElo "2121"]

1. e4 {[%clk 01:30:53]} {[%emt 00:00:06]} e5 {[%clk 01:30:51]} {[%emt
00:00:10]} 2. Nf3 {[%clk 01:31:03]} {[%emt 00:00:20]} Nc6 {[%clk 01:31:12]}
{[%emt 00:00:09]} 3. Bc4 {[%clk 01:31:14]} {[%emt 00:00:18]} Bc5 {[%clk
01:31:22]} {[%emt 00:00:20]} 4. c3 {[%clk 01:31:00]} {[%emt 00:00:45]} Nf6
{[%clk 01:31:14]} {[%emt 00:00:37]} 5. d3 {[%clk 01:31:18]} {[%emt 00:00:12]}
O-O {[%clk 01:30:33]} {[%emt 00:01:12]} 6. Bb3 {[%clk 01:31:06]} {[%emt
00:00:41]} h6 {[%clk 01:27:46]} {[%emt 00:03:17]} 7. O-O {[%clk 01:30:29]}
{[%emt 00:01:07]} d6 {[%clk 01:26:15]} {[%emt 00:02:00]} 8. Nbd2 {[%clk
01:28:24]} {[%emt 00:02:35]} a6 {[%clk 01:22:18]} {[%emt 00:04:28]} 9. h3
{[%clk 01:25:42]} {[%emt 00:03:11]} Re8 {[%clk 01:20:03]} {[%emt 00:02:46]} 10.
Re1 {[%clk 01:24:46]} {[%emt 00:01:26]} Ba7 {[%clk 01:18:17]} {[%emt 00:02:16]}
11. Nf1 {[%clk 01:23:43]} {[%emt 00:01:33]} Ne7 {[%clk 01:16:54]} {[%emt
00:01:54]} 12. Ng3 {[%clk 01:17:53]} {[%emt 00:06:19]} Ng6 {[%clk 01:15:21]}
{[%emt 00:02:02]} 13. Be3 {[%clk 01:09:27]} {[%emt 00:08:57]} Bxe3 {[%clk
01:10:54]} {[%emt 00:04:56]} 14. Rxe3 {[%clk 01:08:28]} {[%emt 00:01:30]} d5
{[%clk 01:04:17]} {[%emt 00:07:08]} 15. Qc2 {[%clk 01:04:19]} {[%emt 00:04:39]}
dxe4 {[%clk 00:57:40]} {[%emt 00:07:07]} 16. dxe4 {[%clk 01:02:36]} {[%emt
00:02:12]} c5 {[%clk 00:54:29]} {[%emt 00:03:42]} 17. Rd1 {[%clk 00:59:36]}
{[%emt 00:03:30]} Qc7 {[%clk 00:54:37]} {[%emt 00:00:22]} 18. Bd5 {[%clk
00:56:25]} {[%emt 00:03:41]} Rb8 {[%clk 00:50:54]} {[%emt 00:04:13]} 19. c4
{[%clk 00:42:07]} {[%emt 00:14:47]} Nf4 {[%clk 00:48:55]} {[%emt 00:02:29]} 20.
Nh4 {[%clk 00:32:03]} {[%emt 00:10:35]} g6 {[%clk 00:46:54]} {[%emt 00:02:30]}
21. Rd2 {[%clk 00:26:00]} {[%emt 00:06:33]} Qe7 {[%clk 00:37:26]} {[%emt
00:09:59]} 22. Nf3 {[%clk 00:24:57]} {[%emt 00:01:34]} Kg7 {[%clk 00:35:44]}
{[%emt 00:02:11]} 23. Ne2 {[%clk 00:22:46]} {[%emt 00:02:41]} N6h5 {[%emt
00:07:00]} 24. Nxf4 Nxf4 1/2-1/2

[Event "Lira Vendrellenca Vs Mollet"]
[Site "Vendrell"]
[Date "2023.03.11"]
[Round "8.6"]
[White "Fernandez Lozano, Francesc"]
[Black "Ayas Fernandez, Antonio"]
[Result "1-0"]
[TimeControl "90'+30\""]
[BlackTitle "FM"]
[WhiteFideId "2228840"]
[BlackFideId "2201119"]
[WhiteElo "2058"]
[BlackElo "2185"]

1. e4 {[%clk 01:30:57]} {[%emt 00:00:03]} c5 {[%clk 01:30:34]} {[%emt
00:00:26]} 2. Nc3 {[%clk 01:31:11]} {[%emt 00:00:16]} e6 {[%clk 01:30:20]}
{[%emt 00:00:44]} 3. Nf3 {[%clk 01:31:16]} {[%emt 00:00:24]} a6 {[%clk
01:30:31]} {[%emt 00:00:20]} 4. d4 {[%clk 01:31:21]} {[%emt 00:00:24]} cxd4
{[%clk 01:30:17]} {[%emt 00:00:44]} 5. Nxd4 {[%clk 01:31:44]} {[%emt 00:00:07]}
b5 {[%clk 01:30:21]} {[%emt 00:00:26]} 6. g3 {[%clk 01:31:25]} {[%emt
00:00:49]} Bb7 {[%clk 01:27:34]} {[%emt 00:03:16]} 7. Bg2 {[%clk 01:31:45]}
{[%emt 00:00:10]} Nf6 {[%clk 01:27:08]} {[%emt 00:00:57]} 8. O-O {[%clk
01:31:47]} {[%emt 00:00:28]} d6 {[%clk 01:24:09]} {[%emt 00:03:29]} 9. Re1
{[%clk 01:31:36]} {[%emt 00:00:42]} Qc7 {[%clk 01:24:13]} {[%emt 00:00:26]} 10.
a4 {[%clk 01:27:48]} {[%emt 00:04:17]} b4 {[%clk 01:15:22]} {[%emt 00:09:21]}
11. Nd5 {[%clk 01:24:50]} {[%emt 00:03:28]} Nxd5 {[%clk 00:48:17]} {[%emt
00:27:35]} 12. exd5 {[%clk 01:25:01]} {[%emt 00:00:19]} e5 {[%clk 00:48:41]}
{[%emt 00:00:06]} 13. Bd2 {[%clk 01:05:13]} {[%emt 00:20:17]} a5 {[%clk
00:42:44]} {[%emt 00:06:27]} 14. Nb5 {[%emt 00:01:28]} Qd8 {[%clk 00:41:31]}
{[%emt 00:01:40]} 15. f4 {[%clk 01:02:26]} {[%emt 00:02:21]} Nd7 {[%clk
00:39:45]} {[%emt 00:02:17]} 16. fxe5 {[%clk 00:57:21]} {[%emt 00:05:35]} Nxe5
{[%clk 00:38:57]} {[%emt 00:01:17]} 17. Bf4 {[%clk 00:44:58]} {[%emt 00:12:53]}
Be7 {[%clk 00:31:21]} {[%emt 00:08:05]} 18. Nxd6+ {[%clk 00:37:00]} {[%emt
00:08:29]} Bxd6 {[%clk 00:30:07]} {[%emt 00:01:44]} 19. Bxe5 {[%clk 00:36:49]}
{[%emt 00:00:40]} O-O {[%clk 00:30:06]} {[%emt 00:00:30]} 20. c4 {[%clk
00:36:42]} {[%emt 00:00:38]} bxc3 {[%clk 00:28:18]} {[%emt 00:02:17]} 21. Bxc3
{[%clk 00:36:06]} {[%emt 00:01:07]} Qb6+ {[%clk 00:26:19]} {[%emt 00:02:30]} 22.
Kh1 {[%clk 00:35:25]} {[%emt 00:01:10]} Bb4 {[%clk 00:25:37]} {[%emt 00:01:12]}
23. Qb3 {[%clk 00:30:15]} {[%emt 00:05:39]} Rad8 {[%clk 00:23:39]} {[%emt
00:02:29]} 24. Rad1 {[%clk 00:29:12]} {[%emt 00:01:34]} Rfe8 {[%clk 00:19:28]}
{[%emt 00:04:41]} 25. Rxe8+ {[%clk 00:25:55]} {[%emt 00:03:46]} Rxe8 {[%clk
00:19:53]} {[%emt 00:00:05]} 26. Bxb4 {[%clk 00:24:17]} {[%emt 00:02:08]} axb4
{[%clk 00:20:21]} {[%emt 00:00:02]} 27. Qc2 {[%clk 00:21:17]} {[%emt 00:03:29]}
Qe3 {[%clk 00:17:50]} {[%emt 00:03:02]} 28. Qc7 {[%clk 00:15:43]} {[%emt
00:06:05]} Ba8 {[%clk 00:15:28]} {[%emt 00:02:52]} 29. Rf1 {[%clk 00:13:48]}
{[%emt 00:02:25]} f6 {[%clk 00:15:29]} {[%emt 00:00:29]} 30. Qc4 {[%clk
00:13:48]} {[%emt 00:00:30]} b3 {[%clk 00:12:53]} {[%emt 00:03:06]} 31. d6+
{[%clk 00:12:30]} {[%emt 00:01:48]} Kf8 {[%clk 00:13:23]} {[%emt 00:00:01]} 32.
Bxa8 {[%clk 00:12:51]} {[%emt 00:00:08]} Rxa8 {[%clk 00:13:28]} {[%emt
00:00:25]} 33. Qd5 {[%clk 00:10:52]} {[%emt 00:02:29]} Rd8 {[%clk 00:13:30]}
{[%emt 00:00:28]} 34. d7 {[%clk 00:09:11]} {[%emt 00:02:11]} Ke7 {[%clk
00:07:47]} {[%emt 00:06:13]} 35. Rd1 {[%clk 00:06:12]} {[%emt 00:03:29]} Qe6
{[%clk 00:06:39]} {[%emt 00:01:38]} 36. Qc5+ {[%clk 00:06:05]} {[%emt
00:00:36]} Kf7 {[%clk 00:06:54]} {[%emt 00:00:15]} 37. Qd4 {[%clk 00:05:48]}
{[%emt 00:00:47]} Ke7 {[%clk 00:06:55]} {[%emt 00:00:29]} 38. Qb4+ {[%clk
00:04:24]} {[%emt 00:01:53]} Kf7 {[%clk 00:07:17]} {[%emt 00:00:09]} 39. Qb7
{[%clk 00:04:00]} {[%emt 00:00:54]} Ke7 {[%clk 00:07:27]} {[%emt 00:00:21]} 40.
a5 {[%clk 00:03:33]} {[%emt 00:00:57]} Qe2 {[%clk 00:07:12]} {[%emt 00:00:45]}
41. Qb4+ {[%clk 00:03:31]} {[%emt 00:00:32]} Kf7 {[%clk 00:07:30]} {[%emt
00:00:12]} 42. Qxb3+ {[%clk 00:03:58]} {[%emt 00:00:02]} Kf8 {[%clk 00:07:33]}
{[%emt 00:00:27]} 43. Qd3 {[%clk 00:03:40]} {[%emt 00:00:48]} Qxb2 {[%clk
00:07:21]} {[%emt 00:00:42]} 44. Qd6+ {[%clk 00:03:50]} {[%emt 00:00:19]} Kf7
{[%clk 00:07:30]} {[%emt 00:00:22]} 45. Qd5+ {[%clk 00:04:19]} {[%emt
00:00:01]} Kf8 {[%clk 00:07:43]} {[%emt 00:00:17]} 46. Re1 {[%clk 00:04:29]}
{[%emt 00:00:19]} Qb4 {[%clk 00:07:42]} {[%emt 00:00:31]} 47. Re8+ {[%clk
00:04:15]} {[%emt 00:00:43]} Rxe8 {[%clk 00:07:54]} {[%emt 00:00:18]} 48. Qg8+
{[%clk 00:04:44]} {[%emt 00:00:01]} 1-0

[Event "Lira Vendrellenca Vs Mollet"]
[Site "Vendrell"]
[Date "2023.03.11"]
[Round "8.7"]
[White "Pros Heras, Jordi"]
[Black "Travesset Ribera, Joaquin"]
[Result "1/2-1/2"]
[TimeControl "90'+30\""]
[WhiteFideId "2212951"]
[BlackFideId "2255383"]
[WhiteElo "2061"]
[BlackElo "2131"]

1. d4 {[%clk 01:30:00]} {[%emt 00:00:59]} d5 {[%clk 01:30:47]} {[%emt
00:00:13]} 2. c4 {[%clk 01:30:17]} {[%emt 00:00:13]} Nc6 {[%clk 01:31:11]}
{[%emt 00:00:06]} 3. Nc3 {[%clk 01:30:23]} {[%emt 00:00:25]} Nf6 {[%clk
01:30:21]} {[%emt 00:01:20]} 4. Nf3 {[%clk 01:30:09]} {[%emt 00:00:44]} dxc4
{[%clk 01:24:58]} {[%emt 00:05:53]} 5. e4 {[%clk 01:29:53]} {[%emt 00:00:45]}
Bg4 {[%clk 01:24:57]} {[%emt 00:00:32]} 6. d5 {[%clk 01:29:18]} {[%emt
00:01:05]} Ne5 {[%clk 01:22:46]} {[%emt 00:02:41]} 7. Bf4 {[%clk 01:29:09]}
{[%emt 00:00:38]} Ng6 {[%clk 01:15:59]} {[%emt 00:07:18]} 8. Be3 {[%clk
01:27:22]} {[%emt 00:02:16]} e5 {[%clk 01:09:22]} {[%emt 00:07:07]} 9. Bxc4
{[%clk 01:25:27]} {[%emt 00:02:26]} Bd6 {[%clk 01:07:33]} {[%emt 00:02:19]} 10.
Bb5+ {[%clk 01:20:05]} {[%emt 00:05:51]} Bd7 {[%clk 01:04:44]} {[%emt
00:03:18]} 11. Qb3 {[%clk 01:07:31]} {[%emt 00:13:05]} O-O {[%clk 01:00:19]}
{[%emt 00:04:55]} 12. O-O {[%clk 01:05:18]} {[%emt 00:02:43]} Nh5 {[%clk
00:44:32]} {[%emt 00:16:18]} 13. Ne2 {[%clk 00:46:10]} {[%emt 00:19:38]} Bg4
{[%clk 00:37:15]} {[%emt 00:07:47]} 14. Nd2 {[%clk 00:43:54]} {[%emt 00:02:45]}
Bxe2 {[%clk 00:31:36]} {[%emt 00:06:10]} 15. Bxe2 {[%clk 00:44:22]} {[%emt
00:00:03]} Nhf4 {[%clk 00:30:45]} {[%emt 00:01:21]} 16. Rfe1 {[%clk 00:39:09]}
{[%emt 00:05:38]} Nxe2+ {[%clk 00:28:14]} {[%emt 00:03:04]} 17. Rxe2 {[%emt
00:02:18]} Qd7 {[%emt 00:00:19]} 1/2-1/2

[Event "Lira Vendrellenca Vs Mollet"]
[Site "Vendrell"]
[Date "2023.03.11"]
[Round "8.8"]
[White "Lambert Pont, Michael"]
[Black "Saumoy Poch, Salvador"]
[Result "1-0"]
[TimeControl "90'+30\""]
[WhiteFideId "54527821"]
[BlackFideId "22230424"]
[WhiteElo "2043"]
[BlackElo "2008"]

1. d4 {[%clk 01:30:57]} {[%emt 00:00:02]} Nf6 {[%clk 01:30:09]} {[%emt
00:00:51]} 2. Bf4 {[%clk 01:31:21]} {[%emt 00:00:05]} e6 {[%clk 01:27:31]}
{[%emt 00:03:09]} 3. e3 {[%clk 01:31:33]} {[%emt 00:00:18]} d5 {[%clk
01:26:50]} {[%emt 00:01:10]} 4. Nf3 {[%clk 01:29:45]} {[%emt 00:02:19]} Bd6
{[%clk 01:22:00]} {[%emt 00:05:20]} 5. Bg3 {[%clk 01:30:10]} {[%emt 00:00:05]}
Qe7 {[%clk 01:10:06]} {[%emt 00:12:24]} 6. Nbd2 {[%clk 01:28:58]} {[%emt
00:01:42]} Nbd7 {[%clk 01:09:48]} {[%emt 00:00:47]} 7. Ne5 {[%clk 01:28:31]}
{[%emt 00:00:57]} O-O {[%clk 01:03:04]} {[%emt 00:07:14]} 8. Bd3 {[%clk
01:26:09]} {[%emt 00:02:52]} Re8 {[%clk 01:00:10]} {[%emt 00:03:24]} 9. f4
{[%clk 01:24:40]} {[%emt 00:01:59]} Nf8 {[%clk 00:59:19]} {[%emt 00:01:20]} 10.
Bh4 {[%clk 01:24:24]} {[%emt 00:00:46]} Ng6 {[%clk 00:56:19]} {[%emt 00:03:30]}
11. Nxg6 {[%clk 01:20:13]} {[%emt 00:04:41]} hxg6 {[%clk 00:52:20]} {[%emt
00:04:29]} 12. Bg5 {[%clk 01:19:22]} {[%emt 00:01:21]} Qd7 {[%clk 00:49:21]}
{[%emt 00:03:29]} 13. h4 {[%clk 00:58:16]} {[%emt 00:21:36]} c5 {[%clk
00:40:52]} {[%emt 00:08:59]} 14. c3 {[%clk 00:49:47]} {[%emt 00:09:00]} c4
{[%clk 00:39:44]} {[%emt 00:01:38]} 15. Bc2 {[%clk 00:49:45]} {[%emt 00:00:32]}
b5 {[%clk 00:39:50]} {[%emt 00:00:23]} 16. h5 {[%clk 00:40:45]} {[%emt
00:09:31]} Nxh5 {[%clk 00:38:58]} {[%emt 00:01:22]} 17. Qf3 {[%clk 00:39:11]}
{[%emt 00:02:03]} f5 {[%clk 00:32:50]} {[%emt 00:06:38]} 18. Qh3 {[%clk
00:32:48]} {[%emt 00:06:54]} Rf8 {[%clk 00:25:53]} {[%emt 00:07:27]} 19. Nf3
{[%clk 00:31:16]} {[%emt 00:02:02]} Kf7 {[%clk 00:16:47]} {[%emt 00:09:37]} 20.
Ne5+ {[%clk 00:23:15]} {[%emt 00:08:31]} Bxe5 {[%clk 00:16:47]} {[%emt
00:00:30]} 21. fxe5 {[%clk 00:23:37]} {[%emt 00:00:07]} Kg8 {[%clk 00:11:56]}
{[%emt 00:05:21]} 22. g4 {[%clk 00:21:54]} {[%emt 00:02:13]} fxg4 {[%clk
00:12:08]} {[%emt 00:00:18]} 23. Qxg4 {[%clk 00:22:22]} {[%emt 00:00:01]} Qf7
{[%clk 00:11:24]} {[%emt 00:01:15]} 24. O-O-O {[%clk 00:22:04]} {[%emt
00:00:48]} Qf3 {[%clk 00:11:24]} {[%emt 00:00:29]} 25. Qh3 {[%clk 00:16:57]}
{[%emt 00:05:38]} Qg3 {[%clk 00:05:21]} {[%emt 00:06:33]} 26. Rdg1 {[%clk
00:15:07]} {[%emt 00:02:20]} Qxh3 {[%clk 00:05:08]} {[%emt 00:00:43]} 27. Rxh3
{[%clk 00:15:35]} {[%emt 00:00:02]} Rf5 {[%clk 00:05:13]} {[%emt 00:00:26]} 28.
Bxf5 {[%clk 00:13:52]} {[%emt 00:02:13]} exf5 {[%clk 00:05:36]} {[%emt
00:00:06]} 29. Rxh5 {[%clk 00:12:06]} {[%emt 00:02:16]} gxh5 {[%clk 00:06:00]}
{[%emt 00:00:07]} 30. Bf6 {[%clk 00:12:32]} {[%emt 00:00:04]} Kh7 {[%clk
00:03:32]} {[%emt 00:02:57]} 31. Rxg7+ {[%clk 00:13:01]} {[%emt 00:00:02]} Kh6
{[%clk 00:03:55]} {[%emt 00:00:07]} 32. Re7 {[%clk 00:10:29]} {[%emt 00:03:01]}
Kg6 {[%clk 00:04:07]} {[%emt 00:00:17]} 33. Kd2 {[%clk 00:10:25]} {[%emt
00:00:35]} a5 {[%clk 00:03:50]} {[%emt 00:00:47]} 34. Ke2 {[%clk 00:07:58]}
{[%emt 00:02:58]} b4 {[%clk 00:04:04]} {[%emt 00:00:16]} 35. Kf3 {[%clk
00:08:18]} {[%emt 00:00:10]} bxc3 {[%clk 00:04:28]} {[%emt 00:00:06]} 36. bxc3
{[%clk 00:08:45]} {[%emt 00:00:03]} Ra6 {[%clk 00:03:06]} {[%emt 00:01:52]} 37.
Kf4 {[%clk 00:07:45]} {[%emt 00:01:31]} Be6 {[%clk 00:03:02]} {[%emt 00:00:33]}
38. Rg7+ {[%clk 00:06:10]} {[%emt 00:02:05]} Kh6 {[%clk 00:03:29]} {[%emt
00:00:03]} 39. Rb7 {[%clk 00:05:45]} {[%emt 00:00:55]} a4 {[%clk 00:03:41]}
{[%emt 00:00:18]} 40. Rb8 {[%clk 00:05:56]} {[%emt 00:00:19]} Kg6 {[%clk
00:03:55]} {[%emt 00:00:17]} 41. Bg5 {[%clk 00:05:09]} {[%emt 00:01:17]} Kg7
{[%clk 00:03:29]} {[%emt 00:00:55]} 42. Kg3 {[%clk 00:04:57]} {[%emt 00:00:42]}
Bf7 {[%clk 00:03:23]} {[%emt 00:00:35]} 43. Kh4 {[%clk 00:05:02]} {[%emt
00:00:27]} Bg6 {[%clk 00:03:02]} {[%emt 00:00:51]} 44. Rb7+ {[%clk 00:05:00]}
{[%emt 00:00:32]} Bf7 {[%clk 00:03:20]} {[%emt 00:00:11]} 45. Bf6+ {[%clk
00:03:12]} {[%emt 00:02:19]} Kg6 {[%clk 00:03:47]} {[%emt 00:00:02]} 46. Rb1
{[%clk 00:03:15]} {[%emt 00:00:27]} Ra7 {[%clk 00:03:35]} {[%emt 00:00:42]} 47.
Rb6 {[%clk 00:03:25]} {[%emt 00:00:21]} Kh7 {[%clk 00:03:43]} {[%emt 00:00:22]}
48. Kg5 {[%emt 00:03:42]} 1-0

[Event "Lira Vendrellenca Vs Mollet"]
[Site "Vendrell"]
[Date "2023.03.11"]
[Round "8.9"]
[White "Navarro Perez, Manel"]
[Black "Garcia Marin, Guillem"]
[Result "1/2-1/2"]
[TimeControl "90'+30\""]
[WhiteFideId "2207010"]
[BlackFideId "2267268"]
[WhiteElo "2005"]
[BlackElo "2034"]

1. e4 {[%clk 01:26:39]} {[%emt 00:04:21]} e5 {[%clk 01:30:49]} {[%emt
00:00:11]} 2. Nf3 {[%clk 01:26:35]} {[%emt 00:00:34]} Nf6 {[%clk 01:31:09]}
{[%emt 00:00:09]} 3. Nc3 {[%clk 01:25:37]} {[%emt 00:01:29]} d6 {[%clk
01:30:42]} {[%emt 00:00:57]} 4. h3 {[%clk 01:25:03]} {[%emt 00:01:05]} c6
{[%clk 01:29:26]} {[%emt 00:01:44]} 5. d4 {[%clk 01:24:06]} {[%emt 00:01:28]}
Nbd7 {[%clk 01:27:43]} {[%emt 00:02:13]} 6. dxe5 {[%clk 01:20:02]} {[%emt
00:04:35]} dxe5 {[%clk 01:27:42]} {[%emt 00:00:30]} 7. a3 {[%clk 01:18:50]}
{[%emt 00:01:42]} Be7 {[%clk 01:27:11]} {[%emt 00:01:01]} 8. Bc4 {[%clk
01:18:45]} {[%emt 00:00:35]} O-O {[%clk 01:26:33]} {[%emt 00:01:08]} 9. O-O
{[%clk 01:19:00]} {[%emt 00:00:15]} b5 {[%clk 01:22:30]} {[%emt 00:04:32]} 10.
Bd3 {[%clk 01:16:28]} {[%emt 00:03:02]} h6 {[%clk 01:22:11]} {[%emt 00:00:48]}
11. Ne2 {[%clk 01:16:40]} {[%emt 00:00:18]} Qc7 {[%clk 01:20:33]} {[%emt
00:02:07]} 12. Ng3 {[%clk 01:16:21]} {[%emt 00:00:50]} Nc5 {[%clk 01:19:19]}
{[%emt 00:01:44]} 13. Be3 {[%clk 01:11:01]} {[%emt 00:05:50]} Rd8 {[%clk
01:14:48]} {[%emt 00:05:01]} 14. Bxc5 {[%clk 01:00:42]} {[%emt 00:10:50]} Bxc5
{[%clk 01:15:08]} {[%emt 00:00:09]} 15. Qe2 {[%clk 01:01:06]} {[%emt 00:00:06]}
a6 {[%clk 01:10:40]} {[%emt 00:04:58]} 16. Nh4 {[%clk 00:57:49]} {[%emt
00:03:48]} Bf8 {[%clk 01:06:04]} {[%emt 00:05:05]} 17. Qf3 {[%clk 00:51:00]}
{[%emt 00:07:19]} c5 {[%clk 01:01:12]} {[%emt 00:05:22]} 18. c4 {[%clk
00:45:34]} {[%emt 00:05:57]} Rb8 {[%clk 00:54:47]} {[%emt 00:06:54]} 19. b3
{[%clk 00:37:32]} {[%emt 00:08:33]} Rb6 {[%clk 00:44:21]} {[%emt 00:10:55]} 20.
Rfd1 {[%clk 00:34:11]} {[%emt 00:03:51]} Bb7 {[%clk 00:34:06]} {[%emt
00:10:45]} 21. Qe2 {[%clk 00:27:55]} {[%emt 00:06:47]} b4 {[%clk 00:30:05]}
{[%emt 00:04:29]} 22. a4 {[%clk 00:27:42]} {[%emt 00:00:43]} g6 {[%clk
00:29:44]} {[%emt 00:00:50]} 23. Bc2 {[%clk 00:27:01]} {[%emt 00:01:11]} Rbd6
{[%clk 00:28:25]} {[%emt 00:01:49]} 24. Nf3 {[%clk 00:23:57]} {[%emt 00:03:36]}
Rxd1+ {[%clk 00:21:16]} {[%emt 00:07:38]} 25. Rxd1 {[%clk 00:24:19]} {[%emt
00:00:08]} Rxd1+ {[%clk 00:21:15]} {[%emt 00:00:31]} 26. Qxd1 {[%clk 00:24:35]}
{[%emt 00:00:14]} h5 {[%clk 00:21:18]} {[%emt 00:00:26]} 27. Qd2 {[%clk
00:24:00]} {[%emt 00:01:04]} Bg7 {[%clk 00:15:54]} {[%emt 00:05:55]} 28. Qg5
{[%clk 00:19:11]} {[%emt 00:05:19]} Nh7 {[%clk 00:15:24]} {[%emt 00:01:01]} 29.
Qd2 {[%clk 00:19:16]} {[%emt 00:00:25]} Nf6 {[%clk 00:15:32]} {[%emt 00:00:22]}
30. Qg5 {[%clk 00:19:34]} {[%emt 00:00:12]} Nh7 {[%clk 00:15:53]} {[%emt
00:00:08]} 31. Qd2 {[%clk 00:18:42]} {[%emt 00:01:23]} Nf6 {[%emt 00:02:19]} 32.
Qc1 {[%emt 00:00:10]} Bf8 {[%emt 00:00:04]} 33. Qd1 {[%emt 00:00:06]} 1/2-1/2

[Event "Lira Vendrellenca Vs Mollet"]
[Site "Vendrell"]
[Date "2023.03.11"]
[Round "8.10"]
[White "Oset Teixidor, Guerau"]
[Black "Catarineu Rabell, Manel"]
[Result "1/2-1/2"]
[TimeControl "90'+30\""]
[WhiteFideId "32024207"]
[BlackFideId "2280981"]
[WhiteElo "2014"]
[BlackElo "1934"]

1. b3 {[%emt 00:00:09]} d5 {[%emt 00:00:37]} 2. Bb2 {[%emt 00:00:12]} e6 {[%emt
00:00:08]} 3. Nf3 {[%emt 00:00:24]} Nf6 {[%emt 00:00:08]} 4. e3 {[%emt
00:00:16]} Be7 {[%emt 00:00:37]} 5. d4 {[%emt 00:00:13]} O-O {[%emt 00:00:10]}
6. Bd3 {[%emt 00:00:05]} b6 {[%emt 00:05:54]} 7. O-O {[%emt 00:00:32]} Bb7
{[%emt 00:01:07]} 8. Ne5 {[%emt 00:01:03]} Nbd7 {[%emt 00:03:21]} 9. f4 {[%emt
00:00:23]} Ne4 {[%emt 00:07:10]} 10. Bxe4 {[%emt 00:15:13]} dxe4 {[%emt
00:00:05]} 11. c4 {[%emt 00:08:06]} f6 {[%emt 00:03:57]} 12. Ng4 {[%emt
00:03:12]} f5 {[%emt 00:02:14]} 13. Ne5 {[%emt 00:00:38]} Nxe5 {[%emt
00:00:08]} 14. fxe5 {[%emt 00:00:24]} Qd7 {[%emt 00:07:07]} 15. Nc3 {[%emt
00:00:50]} Rad8 {[%emt 00:01:05]} 16. Ne2 {[%emt 00:02:25]} c5 {[%emt
00:03:53]} 17. dxc5 {[%emt 00:02:17]} Bxc5 {[%emt 00:01:46]} 18. Bd4 {[%emt
00:00:03]} Be7 {[%emt 00:04:39]} 19. Qe1 {[%emt 00:04:59]} Qe8 {[%emt
00:08:21]} 20. Qg3 {[%emt 00:01:46]} Qg6 {[%emt 00:01:23]} 21. Nf4 {[%emt
00:03:13]} Qxg3 {[%emt 00:01:42]} 22. hxg3 {[%emt 00:00:08]} Kf7 {[%emt
00:02:25]} 23. Rad1 {[%emt 00:01:39]} Bg5 {[%emt 00:13:04]} 24. Kf2 {[%emt
00:01:26]} Bxf4 {[%emt 00:01:43]} 25. gxf4 {[%emt 00:00:18]} Ke8 {[%emt
00:01:09]} 1/2-1/2